Score 0/26 Timer 02:30
2 Plays Today
Hint Answer % Correct
Large dog breed, Great ____DANE
95.2%
Makes up a human skeletonBONE
94.7%
Finished; completedDONE
94.7%
Sail the seven ____SEAS
93.5%
If you can't ____ them, join themBEAT
92.1%
Opposite of worstBEST
92.1%
A volleyball match has 5SETS
91.8%
Animals kept at a homePETS
91.7%
Famous Brazilian soccer/football playerPELE
91.2%
★ First name of all-time hits leader ★★ PETE ★
90%
Utensil used to grab hot thingsTONG
89.6%
Light in colorPALE
89.1%
Annoying personPEST
88.6%
Hint Answer % Correct
Orange flavored drink mixTANG
88.4%
Animal fecesDUNG
84%
Euphemism, ____ it!DANG
82.3%
★ 5x Gold Glove shortstop, Concepcion ★★ DAVE ★
79.5%
★ Hall of Fame first baseman, Perez ★★ TONY ★
79%
To cover with concretePAVE
78.3%
Last name of famous Rowan Atkinson characterBEAN
78.1%
★ 3x All-Star first baseman, Casey ★★ SEAN ★
77.8%
'Better Now' singer, MalonePOST
77.2%
Skinny; thinBONY
77.2%
Way of standing or sittingPOSE
72.7%
★ Last name of all-time hits leader ★★ ROSE ★
72.3%
★ Nicknamed 'Big Donkey,' Adam ★★ DUNN ★
51.3%

Today's Daily Dose

You're not logged in!

Compare scores with friends on all Sporcle quizzes.
OR
Log In

Sporcle TV

Today on Sporcle TV


Watch our educational content, quiz creation guides, and fun videos on Sporcle TV.

Show Comments

Extras

Top Quizzes Today


Score Distribution

Paid Content

Your Account Isn't Verified!

In order to create a playlist on Sporcle, you need to verify the email address you used during registration. Go to your Sporcle Settings to finish the process.

Report this User

Report this user for behavior that violates our Community Guidelines.

Details: